000 01348cad a22002415a 4500
001 L147711
008 090608s2009 xxkad f s 000 0 eng d
035 _a(Sirsi) u147711
041 0 _aeng
050 0 4 _a333.33 $2 18
110 2 _aCB Richard Ellis
_93675
245 0 0 _aGlobal market view
_boffice occupancy costs
_h[electronic resource]
260 _a[S.l.]
_bCBRE
_c2009
490 0 _aCB Richard Ellis Global Market View
_bOffice Occupancy Costs
_vMay 2009
520 _aReports that the international financial crisis has reduced the prices of the most expensive world's office markets. Finds that three of the five most expensive office markets are in Asia (Tokyo's inner central district, Hong Kong's Central area and Tokyo's outer central district). Tokyo's inner central district tops the list with an occupancy cost of $183.62 per square feet, followed by London's West End at $172.62 per square feet. Reports that year-on-year occupancy costs were 2.8% lower worldwide than in 2008.
521 _aAdvanced
590 _aKA NTK
650 2 4 _aCB RICHARD ELLIS GLOBAL MARKET VIEW OFFICE OCCUPANCY COSTS
651 4 _aInternational
690 _aPROPERTY-COMMERCIAL PROPERTY-COMMERCIAL PROPERTY MARKET
856 4 0 _uhttps://www.cbre.com/EN/Research/Global+Reports/
_zView the item free of charge at www.cbre.co.uk...
942 _n0
999 _c109697
_d109697